03904 2201897 4500001002100000005001500021035002000036008004100056245007400097100001900171250000600190260003400196300001200230084001400242082000800256650001400264990001200278990001200290990001200302990001200314990001200326990001200338990001200350990001200362990001200374990001200386990001200398990001200410990001200422990001200434990001200446990001200458990001200470990001200482990001200494990001200506990001200518990001200530990001200542990001200554990001200566990001200578990001200590990001200602990001200614990001200626990001200638990001200650990001200662990001200674990001200686990001200698990001200710990001200722990001200734990001200746990001200758990001200770990001200782990001200794990001200806990001200818990001200830990001200842990001200854990001200866990001200878990001200890990001200902990001200914990001200926990001200938990001200950990001200962990001200974990001200986990001200998990001201010990001201022990001201034990001201046990001201058990001201070990001201082990001201094990001201106990001201118990001201130990001201142990001201154990001201166990001201178990001201190990001201202990001201214990001201226990001201238990001201250990001201262990001201274990001201286990001201298990001201310990001201322990001201334990001201346990001201358990001201370990001201382990001201394990001201406990001201418990001201430990001201442990001201454990001201466990001201478990001201490990001201502990001201514990001201526990001201538990001201550990001201562990001201574990001201586990001201598990001201610990001201622990001201634990001201646990001201658990001201670990001201682990001201694990001201706990001201718990001201730990001201742990001201754990001201766990001201778990001201790990001201802990001201814990001201826990001201838990001201850990001201862990001201874990001201886990001201898990001201910990001201922990001201934990001201946990001201958990001201970990001201982990001201994INLIS00000000000158320250312104508 a0010-0325000001250312 0 ind 1 aBuku Siswa Biologi 2 Kelompok Peminatan Edisi Revisi /cSri Pujiyanto aPujiyanto, Sri a1 aSolo :bTiga Serangkai,c2016 a292 hlm a574 SRI b a574 4aReferensi a0727732 a0727589 a0727590 a0727591 a0727592 a0727593 a0727594 a0727595 a0727596 a0727597 a0727598 a0727599 a0727600 a0727601 a0727602 a0727603 a0727604 a0727605 a0727606 a0727607 a0727608 a0727609 a0727610 a0727611 a0727612 a0727613 a0727614 a0727615 a0727616 a0727617 a0727618 a0727619 a0727620 a0727621 a0727622 a0727623 a0727624 a0727625 a0727626 a0727627 a0727628 a0727629 a0727630 a0727631 a0727632 a0727633 a0727634 a0727635 a0727636 a0727637 a0727638 a0727639 a0727640 a0727641 a0727642 a0727643 a0727644 a0727645 a0727646 a0727647 a0727648 a0727649 a0727650 a0727651 a0727652 a0727653 a0727654 a0727655 a0727656 a0727657 a0727658 a0727659 a0727660 a0727661 a0727662 a0727663 a0727664 a0727665 a0727666 a0727667 a0727668 a0727669 a0727670 a0727671 a0727672 a0727673 a0727674 a0727675 a0727676 a0727677 a0727678 a0727679 a0727680 a0727681 a0727682 a0727683 a0727684 a0727685 a0727686 a0727687 a0727688 a0727689 a0727690 a0727691 a0727692 a0727693 a0727694 a0727695 a0727696 a0727697 a0727698 a0727699 a0727700 a0727701 a0727702 a0727703 a0727704 a0727705 a0727706 a0727707 a0727708 a0727709 a0727710 a0727711 a0727712 a0727713 a0727714 a0727715 a0727716 a0727717 a0727718 a0727719 a0727720 a0727721 a0727722 a0727723 a0727724 a0727725 a0727726 a0727727 a0727728 a0727729 a0727730 a0727731